000 00476pab a2200169 454500
008 180718b2006 xxu||||| |||| 00| 0 eng d
100 _aBarrilleaux, Charles
245 _aPublic and private institutions, political action, and the practice of local government
260 _c2006
300 _ap.1119-121.
362 _aNov
650 _aLocal government
700 _aCarsey, Thomas M.
700 _aCheung, Ron
773 _aReview of Policy Research
909 _a72380
999 _c72380
_d72380